Guide to help boost farm profits (Record no. 117061)

MARC details
000 -LEADER
fixed length control field 00842cam a2200193 4500
001 - CONTROL NUMBER
control field WB4009-15
008 - FIXED-LENGTH DATA ELEMENTS--GENERAL INFORMATION
fixed length control field 040301n2004 000 0 eng u
035 ## - SYSTEM CONTROL NUMBER
System control number (Sirsi) u125261
245 ## - TITLE STATEMENT
Title Guide to help boost farm profits
260 ## - PUBLICATION, DISTRIBUTION, ETC.
Date of publication, distribution, etc. 2004
490 ## - SERIES STATEMENT
Series statement DEFRA News Release
Volume/sequential designation 71(04) 27 February 2004 (2)
520 ## - SUMMARY, ETC.
Summary, etc. A new DEFRA two-part guide "Figures for a farming future - getting started in farm management accounting" aims to help farmers boost profits and plan ahead better by improving their business management skills. The guide is available free on request from DEFRA t +44(0) 8459 556000 or http://www.defra.gov.uk/farm/fbadvice/farm-account ing/index.htm.
590 ## - LOCAL NOTE (RLIN)
Local note WB
590 ## - LOCAL NOTE (RLIN)
Local note WB
650 ## - SUBJECT ADDED ENTRY--TOPICAL TERM
Topical term or geographic name entry element FARMING INDUSTRY
650 ## - SUBJECT ADDED ENTRY--TOPICAL TERM
Topical term or geographic name entry element BUSINESS MANAGEMENT
9 (RLIN) 6226
690 ## - LOCAL SUBJECT ADDED ENTRY--TOPICAL TERM (OCLC, RLIN)
Topical term or geographic name as entry element RURAL-FARM BUSINESS MANAGEMENT
942 ## - ADDED ENTRY ELEMENTS (KOHA)
Suppress in OPAC 0
Holdings
Withdrawn status Lost status Source of classification or shelving scheme Damaged status Not for loan Home library Current library Shelving location Date acquired Total Checkouts Full call number Barcode Date last seen Copy number Price effective from Koha item type
    Dewey Decimal Classification     London London News article 01/03/2004   WB4009-15 125261-1001 06/08/2019 1 06/08/2019 News article